| 000 | 00413nam a22001577a 4500 | ||
|---|---|---|---|
| 005 | 20241127055414.0 | ||
| 008 | 241127b |||||||| |||| 00| 0 eng d | ||
| 082 |
_222 _a894 _bSUN |
||
| 100 | _aM.A., Prof. P. Sundaram Pillay | ||
| 245 | _aHistory of Tamil Literature | ||
| 260 |
_aMadras _bPioneer Book Services _c1909 |
||
| 300 | _aXviii, 65 p ., | ||
| 650 | _aHistory | ||
| 650 | _aTamil Literature | ||
| 942 | _cL | ||
| 999 |
_c5933 _d5933 |
||